000 00478nam a2200217Ia 4500
003 IT-RoPAU
008 120407s9999 xx 000 0 und d
040 _aIT-RoPAU
040 _cIT-RoPAU
041 _aita
100 _aAdrian Dwyer
245 _aLe cause matrimoniali. Manuale pratico ad uso dei parroci
250 _aRoma
260 _aGuerra e Belli
260 _c1973
300 _a163 p.
300 _c24,5 cm
490 _v1
942 _cBK
999 _c26673
_d26673